| 000 | 00000nam 2200000zi 4500 |
| 001 | 9.941096 |
| 003 | CaOODSP |
| 005 | 20250403102725 |
| 006 | m o d f |
| 007 | cr mn||||||||| |
| 008 | 240726t20242024oncd obs f000 0 fre d |
| 040 | |aCaOODSP|bfre|erda|cCaOODSP |
| 086 | 1 |aCS14-28-0001/2024-1-3F-PDF |
| 245 | 00|aTaux de travailleurs à leur propre compte, 2023. |
| 264 | 1|a[Ottawa] : |bStatistique Canada = Statistics Canada, |c2024. |
| 264 | 4|c©2024 |
| 300 | |a1 ressource en ligne (4 pages) : |bgraphiques. |
| 336 | |atexte|btxt|2rdacontent/fre |
| 337 | |ainformatique|bc|2rdamedia/fre |
| 338 | |aressource en ligne|bcr|2rdacarrier/fre |
| 490 | 1 |aQualité de l'emploi au Canada ; |x2818-1255 |
| 500 | |aTitre de la couverture. |
| 500 | |a« Date de diffusion : le 25 juillet 2024. » |
| 500 | |aPublié aussi en anglais sous le titre : Own-account worker rate, 2023. |
| 504 | |aComprend des références bibliographiques. |
| 520 | |a« L’analyse fournie dans l’article qui suit met en lumière les tendances historiques dans la proportion de travailleurs canadiens qui travaillent à leur propre compte, et met en relief les différences dans la prévalence du travail à son propre compte au sein des populations racisées et immigrantes, ainsi qu’à l’échelle des provinces et des secteurs d’activité » -- Page 1. |
| 650 | 6|aTravailleurs indépendants|zCanada|vStatistiques. |
| 650 | 6|aQualité de la vie au travail|zCanada|vStatistiques. |
| 655 | 7|aStatistiques|2rvmgf |
| 710 | 2 |aStatistique Canada, |eorganisme de publication. |
| 775 | 08|tOwn-account worker rate, 2023.|w(CaOODSP)9.941087 |
| 830 | #0|aQualité de l'emploi au Canada,|x2818-1255|w(CaOODSP)9.940414 |
| 856 | 40|qPDF|s237 Ko|uhttps://publications.gc.ca/collections/collection_2024/statcan/14-28-0001/CS14-28-0001-2024-1-3-fra.pdf |
| 856 | 4 |qHTML|sS.O.|uhttps://www150.statcan.gc.ca/n1/pub/14-28-0001/2024001/article/00003-fra.htm |
| 986 | |a14-28-0001 |